00430nam a22001577a 4500003000400000005001700004008004100021020001800062040002200080082001800102130003200120245006700152260001900219300001900238710001500257OSt20221102190844.0150522b xxu||||| |||| 00| 0 eng d a88-208-0414-X cBiblioteca Lado V a700.74bB588b aLa Biennale di Venezialeng aLa Biennale di Venezia/b48-esposizione internazionale d'arte/ bMarsilioc1999 a287p.c24x29cm aJoan Duran